| 000 | 00818nam a2200217 i 4500 | ||
|---|---|---|---|
| 001 | 33142 | ||
| 003 | ES-MaACL | ||
| 005 | 20250819002334.0 | ||
| 007 | t| | ||
| 008 | 030201s1947 sp ||||1| spa d | ||
| 130 | 0 |
_aBiblia. _lEspañol _9119282 |
|
| 245 | 1 | 0 |
_aSagrada Biblia / _cversión crítica sobre los textos Hebreo y Griego por José María Bover y Francisco Cantera Burgos. |
| 260 |
_aMadrid : _b[La Editorial Católica], _c1947. |
||
| 300 |
_a2 v. : _bil. ; _c20 cm. |
||
| 490 | 1 | _aBiblioteca de autores cristianos. Sección I. Sagradas escrituras | |
| 700 | 1 |
_aBover, José María. _931120 |
|
| 700 | 1 |
_aCantera Burgos, Francisco. _934642 |
|
| 830 | 0 | 0 |
_aBiblioteca de autores cristianos. _pSagradas Escrituras _9229445 |
| 852 |
_aES-MaACL _jC-4823-24 _bR.25444 |
||
| 999 |
_c33142 _d33142 |
||